000 00537nam a2200193Ia 4500
005 20260429112045.0
008 260429s9999||||xx |||||||||||||| ||und||
020 _a9789369672998
041 _aEnglish
082 _a612.8
_bRAN
100 _aRani, Akanksha
245 0 _aFoundations of physiological psychology /
_cAkanksha Rani
250 _a1st ed.
260 _aNew Delhi :
_bScientific Books International,
_c2026.
300 _a278 p.; hb
650 _a Neuropsychology
650 _aPhysiological psychology
942 _cTB
999 _c52121
_d52121